Systém pre smart parkovanie

Uložené v:
Podrobná bibliografia
Hlavný autor: Genšor, Jozef (Autor)
Ďalší autori: Vargic, Radoslav (Vedúci práce)
Médium: Rukopis Kniha
Jazyk:Slovak
Vydavateľské údaje: Bratislava : STU v Bratislave FEI, 2021
Predmet:
On-line prístup:https://opac.crzp.sk/?fn=detailBiblioForm&sid=38F43C5054BC4F7F29BECEF31F28&seo=CRZP-detail-kniha
Tagy: Pridať tag
Žiadne tagy, Buďte prvý, kto otaguje tento záznam!

MARC

LEADER 00000ntm a22000003a 4500
001 stuzp82657
003 SK-STU
005 20220111111455.4
007 ta
008 150427s2015----xo-----f-mn---000-0-slo-d
040 |a STU  |b slo 
041 0 |a slo 
044 |a xo 
100 1 |a Genšor, Jozef  |u 037000  |4 aut  |U FEI Fakulta elektrotechniky a informatiky  |T FEI Ústav multimediálnych informačných a komunikačných technológií  |X 97781  |U E070  |Y 818  |7 97781 
242 0 1 |a Smart parking system  |y eng 
245 1 0 |a Systém pre smart parkovanie 
260 |a Bratislava :  |b STU v Bratislave FEI,  |c 2021 
300 |a 48 s., príl. 
650 4 |a smart parkovanie  |2 slo 
650 4 |a obsadenosť parkovacích miest  |2 slo 
650 4 |a detekcia hrán  |2 slo 
650 4 |a odčítavanie pozadia  |2 slo 
650 4 |a smart parking  |2 eng 
650 4 |a occupancy of parking spaces  |2 eng 
650 4 |a edge detection  |2 eng 
650 4 |a background subtraction  |2 eng 
700 1 |a Vargic, Radoslav  |u 037000  |k Z1  |4 ths  |U FEI Fakulta elektrotechniky a informatiky  |T FEI Ústav multimediálnych informačných a komunikačných technológií  |X 1918  |U E070  |Y 818  |7 A000001918 
856 4 |u https://opac.crzp.sk/?fn=detailBiblioForm&sid=38F43C5054BC4F7F29BECEF31F28&seo=CRZP-detail-kniha